Menschenrechte als grundlage /
Na minha lista:
| Autor principal: | |
|---|---|
| Formato: | Livro |
| Idioma: | German |
| Tags: |
Adicionar Tag
Sem tags, seja o primeiro a adicionar uma tag!
|
MARC
| LEADER | 00000nam a22000007a 4500 | ||
|---|---|---|---|
| 003 | cru CIDCACS/IIS | ||
| 005 | 20170511161353.0 | ||
| 007 | ta | ||
| 008 | 170511s2009 gw ||||| |||| 00| 0 ger d | ||
| 040 | |c cru CIDCACS/IIS | ||
| 100 | 1 | |9 4660 |a Zöpel, Christoph |d 1943- | |
| 245 | 1 | |a Menschenrechte als grundlage / |c Christoph Zöpel | |
| 300 | |a páginas 18-21 | ||
| 773 | 0 | |0 19298 |9 783 |d Alemania: Verlag J.H.W. Dietz Nachf 1985- |o R17807 |t Neue Gesellschaft: | |
| 942 | |2 ddc |c PP | ||
| 999 | |c 19302 |d 19302 | ||
